Palaeoart and materiality : the scientific study of rock art /

Bibliographic Details
Corporate Authors: International Federation of Rock Art Organizations (corporate author,), International Federation of Rock Art Organizations. Symposium
Other Authors: Bednarik, Robert G. (Editor)
Format: Book
Language:English
Language Notes:Abstracts are in both English and Spanish.
Published: Oxford : Archaeopress Publishing Ltd, [2016]
Series:Archaeopress archaeology.
Subjects:

MARC

Tag First Indicator Second Indicator Subfields
LEADER 00000cam a2200000Ii 4500
001 in00003710107
005 20170926151739.0
008 160830t20162016enkab b 100 0 eng d
019 |a 957506310 
020 |a 1784914290  |q paperback 
020 |a 9781784914295  |q paperback 
024 8 |a 99969700133 
035 |a (OCoLC)ocn957184836 
035 |a (OCoLC)957184836 
040 |a YDX  |b eng  |e rda  |c YDX  |d OCLCO  |d CGU  |d OCLCO  |d OCLCF  |d BNG  |d UtOrBLW 
041 0 |a eng  |b spa  |b eng 
049 |a TXAM 
050 4 |a GN799.P4  |b P35 2016 
082 0 4 |a 709.01/13  |2 23 
245 0 0 |a Palaeoart and materiality :  |b the scientific study of rock art /  |c edited by Robert G. Bednarik and [four others]. 
246 3 |a Scientific study of rock art. 
264 1 |a Oxford :  |b Archaeopress Publishing Ltd,  |c [2016] 
264 4 |c ©2016 
300 |a ii, 254 pages :  |b illustrations, maps ;  |c 29 cm. 
336 |a text  |b txt  |2 rdacontent 
336 |a still image  |b sti  |2 rdacontent 
336 |a cartographic image  |b cri  |2 rdacontent 
337 |a unmediated  |b n  |2 rdamedia 
338 |a volume  |b nc  |2 rdacarrier 
490 1 |a Archaeopress archaeology 
500 |a "This book contains a series of selected papers presented at two symposia entitled 'Scientific study of rock art', one held in the IFRAO Congress of Rock Art in La Paz, Bolivia, in June 2012, the other held in the IFRAO Congress in Cáceres, Spain, in September 2015; as well as some invited papers from leading rock art scientists"--Back cover. 
546 |a Abstracts are in both English and Spanish. 
504 |a Includes bibliographical references. 
650 0 |a Rock paintings  |v Congresses.  |0 http://id.loc.gov/authorities/subjects/sh2010111397 
650 0 |a Petroglyphs  |v Congresses.  |0 http://id.loc.gov/authorities/subjects/sh2010105856 
650 7 |a Petroglyphs.  |2 fast  |0 (OCoLC)fst01059252 
650 7 |a Rock paintings.  |2 fast  |0 (OCoLC)fst01099256 
655 7 |a Conference papers and proceedings.  |2 fast  |0 (OCoLC)fst01423772 
700 1 |a Bednarik, Robert G.,  |e editor.  |0 http://id.loc.gov/authorities/names/n98920904 
710 2 |a International Federation of Rock Art Organizations,  |e corporate author,  |e organizer.  |0 http://id.loc.gov/authorities/names/no95056646 
710 2 |a International Federation of Rock Art Organizations.  |b Symposium  |d (2012 :  |c La Paz, Bolivia) 
710 2 |a International Federation of Rock Art Organizations.  |b Symposium  |d (2015 :  |c Cáceres, Spain) 
830 0 |a Archaeopress archaeology.  |0 http://id.loc.gov/authorities/names/no2015043939 
945 |b 924660 
947 |a A14850011058 
994 |a 92  |b TXA 
948 |a Cataloged  |b h  |c 2017/1/19  |d c  |e MTrevino 
999 f f |s df571150-0118-300b-8d51-e2c86dec1cee  |i f1087b2b-76fc-30d8-8c86-7b6ab8e1dea5  |t 0 
952 f f |p normal  |a Texas A&M University  |b College Station  |c Sterling C. Evans Library  |d Evans: Library Stacks  |t 0  |e GN799.P4 P35 2016  |h Library of Congress classification  |i unmediated -- volume  |m A14850011058 
998 f f |a GN799.P4 P35 2016  |t 0  |l Evans: Library Stacks